| 000 | 01490nam0a22002771 4500 | ||
|---|---|---|---|
| 001 | rc\3065983 | ||
| 005 | 20260407105700.0 | ||
| 035 | _a(NLR Aleph) 008786019 | ||
| 090 |
_a8011590 _c8011590 |
||
| 100 | _a20110603d1927 |||y0rusy50 ca | ||
| 101 | 0 | _arus | |
| 102 | _aRU | ||
| 105 | _ay i ||||| | ||
| 200 | 1 |
_aСтатистический сборник по Архангельской губернии за 1926 год _eс приложением сведений о посевных площадях, количестве скота, урожае хлебов и трав в 1927 году и показателей роста Архангельской губернии _fАрхангельск. губ. стат. отд. |
|
| 210 |
_aАрхангельск _cиздание Архгубстатотдела _d1927 _gтип. т-ва "Призыв" |
||
| 215 |
_aX, 90, 277 с. _d26х18 см |
||
| 607 |
_aАрхангельская губерния _xНародное хозяйство _xСтатистика _92110718 _3RU\NLR\AUTH\661579149 |
||
| 617 |
_aСССР _mЕвропейская часть _mСевер _cАрхангельская губерния |
||
| 686 | _aУ03(2Р-4Арх)71-05 | ||
| 711 | 0 | 2 |
_aАрхангельский губернский статистический отдел _3RU\NLR\AUTH\8810061428 _9624325 |
| 801 | 0 |
_aRU _bNLR _gpsbo |
|
| 801 | 1 |
_aRU _bELAR _2rusmarc |
|
| 801 | 2 |
_aRU _bNLR _c20121107 _2rusmarc |
|
| 852 |
_aNLR _j48/375 |
||
| 942 | _cBOOK | ||
| 980 | _aNB | ||